| 000 | 00441nam a2200169Ia 4500 | ||
|---|---|---|---|
| 003 | GCL | ||
| 008 | 140319s9999 xx 000 0 ara d | ||
| 040 |
_aGCL / _cGCL |
||
| 082 | 0 | 4 |
_a928.1 _bم ف |
| 100 | 1 | _aممدوح حقى | |
| 245 | 1 | 0 |
_aالفرزدق / _cممدوح حقى |
| 300 | _a94 ص | ||
| 490 |
_aنوابغ الفكر العربى _v0 |
||
| 650 | 0 | 4 | _aالشعراء العرب |
| 650 | 0 | 4 | _aالفرزدق |
| 942 |
_2ddc _cBK |
||
| 999 |
_c46552 _d46552 |
||